01510cam a2200373 a 4500001001400000003000800014005001700022006001900039007001500058008004100073020003800114040003000152049002600182050002400208082001500232100002300247245016500270260004500435300004500480500009000525504005100615521001700666588004700683650004700730650004100777655002900818700002300847710001600870710005200886776003500938856012800973942001601101999001901117EDZ0000158154StDuBDS20161031105233.0m||||||||d||||||||cr |||||||||||130912s2006 caua fo| 001|0|eng d a9781483329307 (ebook) :cNo price aStDuBDSbengcStDuBDSepn aAlfaisal Main Library 0aLC3993.9b.P87 200604a371.952231 aPurcell, Jeanne H.10aDesigning services and programs for high-ability learnersh[electronic resource] :ba guidebook for gifted education /cJeanne H. Purcell and Rebecca D. Eckert. aThousand Oaks, Calif. :bCorwin,cc2006. a1 online resource (xxiv, 323 p.) :bill. a"Joint publication of the National Association for Gifted Children and Corwin Press." aIncludes bibliographical references and index. aSpecialized. aDescription based on print version record. 0aGifted childrenxEducationzUnited States. 0aEducational planningzUnited States. 7aElectronic books.2local1 aEckert, Rebecca D.2 aSage eBooks2 aNational Association for Gifted Children (U.S.)08iPrint version :z978141292616440uhttp://ezproxy.alfaisal.edu/login?url=http://sk.sagepub.com/books/designing-services-and-programs-for-high-ability-learners 2lcccEBOOKS c482381d482381